| 000 | 01266nam2a22002531 4500 | ||
|---|---|---|---|
| 001 | rc\553159 | ||
| 005 | 20250621170107.0 | ||
| 035 | _a(NLR Aleph) 005818773 | ||
| 090 |
_a5457279 _c5457279 |
||
| 100 | _a20030616d1988 |||y0rusy50 ca | ||
| 101 | 0 | _arus | |
| 102 | _aRU | ||
| 105 | _aa ||||||||| | ||
| 200 | 1 |
_aГеологическое строение _f[Л.И. Красный, Б.К. Любимов, В.А. Селиванов и др. _gОтв. ред. Л.И. Красный] |
|
| 210 |
_d1988 _aБ. м. |
||
| 215 |
_a442, [1] с. _cил. _eПрил. (1 л. ил.) |
||
| 320 | _aБиблиогр.: с. 420-424 (106 назв.) | ||
| 461 | 0 |
_1001rc\553158 _12001#$aГеология зоны БАМ$dGeology of the BAM zone$f[Гл. ред. и авт. предисл. Е.А. Козловский]$gВсесоюз. н.-и. геол. ин-т им. А.П. Карпинского$vТ. 1 _95457270 _cЛ. _d1988- _f[Гл. ред. и авт. предисл. Е.А. Козловский] _lGeology of the BAM zone _nНедра. Ленингр. отд-ние _tГеология зоны БАМ _vТ. 1 |
|
| 701 | 1 |
_aКрасный _bЛ.И. _gЛев Исаакович |
|
| 801 | 0 |
_aRU _bNLR _gpsbo |
|
| 801 | 1 |
_aRU _bELAR _2rusmarc |
|
| 852 |
_aNLR _j88-7/1153 |
||
| 942 | _cBOOK | ||
| 980 | _aNB | ||